Bilecik Bilecik Bilecik Bilecik Bilecik

Uygulamalarla ısı transferi/ (Record no. 43739)

MARC details
000 -BAŞLIK
Sabit Uzunluktaki Kontrol Alanı 01107nam a22003737a 4500
001 - KONTROL NUMARASI
Control Dosyası 0043932
003 - KONTROL NUMARASI KİMLİĞİ
Kontrol Alanı KOHA_MİRAKIL
005 - EN SON İŞLEM TARİHİ ve ZAMANI
Kontrol Alanı 20260207003408.0
007 - FİZİKSEL TANIM SABİT ALAN - GENEL BİLGİ
Sabit uzunluklu kontrol alanı ta
008 - SABİT UZUNLUKTAKİ VERİ ÖGELERİ - GENEL BİLGİ
Sabit Alan 151112b2004 tu a|||gr||||#||||0|tur |
020 ## - ISBN - ULUSLARARASI STANDART KİTAP NUMARASI
Isbn 9755915672
040 ## - KATALOGLAMA KAYNAĞI
Özgün Kataloglama Kurumu TR-BiSEU
Kataloglama Dili tur
Çeviri Kurumu TR-BiSEU
Açıklama Kuralları rda
041 0# - DİL KODU
Metin ya da ses kaydının dil kodu tur
044 ## - YAYINLAYAN/ÜRETEN KURULUŞUN ÜLKE KODU
ISO country code tu
050 ## - SINIFLAMA ve YER NUMARASI
Sınıflama Numarası TJ265
Yer Numarası .A48 2004
100 1# - KİŞİ ADI
Yazar Adı (Kişi adı) Altınışık, Kemal.
245 1# - ESER ADI BİLDİRİMİ
Başlık Uygulamalarla ısı transferi/
Sorumluluk Bildirimi Kemal Altınışık ; Kemal Altınışık.
250 ## - BASIM BİLDİRİMİ
Basım Bildirimi 2. Basım
264 #1 - ÜRERİM, YAYIN, DAĞITIM ve TELİF BİLDİRİMİ
Yayın yeri Ankara :
Yayınlayan Nobel Yayın Dağıtım
Yayın tarihi 2004
300 ## - FİZİKSEL TANIMLAMA
Sayfa, Cilt vb. XX, 791 sayfa :
Diğer fiziki detaylar resimli ;
Boyutları 24 cm.
336 ## - İÇERİK TÜRÜ
Content type term metin
Content type code txt
Source rdacontent
337 ## - MEDYA TÜRÜ
Media type term aracısız
Media type code n
Source rdamedia
338 ## - TAŞIYICI TÜRÜ
Carrier type term cilt
Carrier type code nc
Source rdacarrier
490 1# - DİZİ BİLDİRİMİ
Dizi Bildirimi Nobel Yayın ;
Cilt Numarası No.
490 1# - DİZİ BİLDİRİMİ
Dizi Bildirimi 587.
490 1# - DİZİ BİLDİRİMİ
Dizi Bildirimi Teknik ve Matematik Dizi ;
Cilt Numarası No.78.
500 ## - GENEL NOT
Genel Not Kaynakça ve dizin var.
650 #0 - KONU BAŞLIĞI EK GİRİŞ - KONU TERİMİ
Konusal terim veya coğrafi ad Isı--İletim.
9 (RLIN) 7407
650 #0 - KONU BAŞLIĞI EK GİRİŞ - KONU TERİMİ
Konusal terim veya coğrafi ad Heat--Transmission.
9 (RLIN) 2209
830 1# - SERİ EK GİRİŞİ - TEKBİÇİM ESER ADI
Tekbiçim Başlık Nobel Yayın ;
Volume number/sequential designation No.
9 (RLIN) 2049
830 1# - SERİ EK GİRİŞİ - TEKBİÇİM ESER ADI
Tekbiçim Başlık 587.
9 (RLIN) 23101
830 1# - SERİ EK GİRİŞİ - TEKBİÇİM ESER ADI
Tekbiçim Başlık Teknik ve Matematik Dizi ;
Volume number/sequential designation No.78.
9 (RLIN) 81916
942 ## - EK GİRİŞ ÖGELERİ (KOHA)
Source of classification or shelving scheme Library of Congress Classification
Koha item type Book
Holdings
Materyal Türü Kalıcı Konum Mevcut Konum Raf Yeri Sınıflandırma Kaynağı Edinim Bilgisi Ana Konular Alt Konular Yer Numarası Demirbaş Numarası Fatura Tarihi Maliyet, Alış Fiyatı Maliyet, Yenileme Fiyatı Geri Çekilme Durumu Kayıp Durumu Hasarlı Durumu Kredi için değil Kayıt Tarih Toplam Ödünçverme Son Görülme Tarihi Son Kontrol Tarihi Satın Alma Notu
Book Prof. Dr. Azmi Özcan Kütüphanesi Prof. Dr. Azmi Özcan Kütüphanesi Birûni Salonu Library of Congress Classification Satın TEKNOLOJİ Makine Mühendisliği ve Makineler TJ265 .A48 2004 0043932 24/09/2013 34.50 34.50         30/07/2013 13 05/12/2024 05/12/2024 73291-73383 (92 sayfa)
Book Prof. Dr. Azmi Özcan Kütüphanesi Prof. Dr. Azmi Özcan Kütüphanesi Birûni Salonu Library of Congress Classification Satın TEKNOLOJİ Makine Mühendisliği ve Makineler TJ265 .A48 2004 0054018 23/11/2015 42.62 42.62         12/11/2015 13 05/12/2024 05/12/2024 325002